000 012680000a22002050004500
020 _a0-7899-137-8 : Donación
041 0 _aSpa.
082 0 4 _aG 179.76 A3549p
100 1 _aAlcorn, Randy C.
245 1 0 _a¿Por qué en favor de la vida? / Randy Alcorn
260 _aMiami : Unilit
300 _a137 p.
505 0 0 _a\ I. Las bases: ¿Por qué hablar sobre el aborto? -- ¿Pro mujer o pro niño? \ II. El niño: ¿Cuál es la diferencia entre huevo, esperma embrión y feto? -- ¿Qué hace "significativa" a una vida humana? \ III. La mujer: ¿Es en verdad el aborto un tema relacionado con los derechos de la mujer? -- ¿El aborto daña la salud física y mental de la mujer? -- ¿Es adecuado abortar cuando el embarazo es producto de una violación o del incesto? \ IV. Otros temas importantes: ¿Qué pasa con los niños especiales y con los no deseados? -- ¿Evita el aborto el maltrato infantil? -- Puede Dios perdonar los abortos? -- ¿Cómo puedo ayudar a los bebes por nacer y a sus madres?
650 1 4 _aABORTO \ ABORTO - LEGAL \ ABORTO - CRIMINAL \ MUERTE FETAL \ CONTROL NATAL \ ABORTO - INDUCIDO
001 6181
942 _cBK
999 _c36465
_d36465
336 _atexto
_btxt
_2rdacontent
337 _2rdamedia
_asin mediación
_bn
338 _2rdacarrier
_avolumen
_bnc